000 00918cam a2200325 a 4500
999 _c7564
_d7564
001 7564
003 BD-JhCC
005 20180211180637.0
008 820825s1984 stkaf 001 0 eng
020 _a0443031975 :
_c£15.00
035 _a(BD-JhCC)7564
040 _aDLC
_cDLC
_dDLC
041 _aeng
_aBD-JhCC
050 1 0 _aRE46
_b.P33 1984
060 _aWW 100 P268p
082 0 0 _a617.7
_219
_bPAR 1975
100 1 _aParsons, John Herbert,
_cSir,
_d1868-1957.
240 1 0 _aDiseases of the eye
245 1 0 _aParson's Diseases of the eye.
250 _a17th ed. /
260 _aEdinburgh ;
_aNew York :
_bChurchill Livingstone,
_c1984.
300 _a384 p., [7] p. of plates :
_bill. (some col.) ;
_c26 cm.
500 _aIncludes index.
650 0 _aOphthalmology.
650 2 _aEye Diseases.
700 1 _aMiller, Stephen J. H.
740 0 _aDiseases of the eye.
942 _2ddc
_cBK